| 000 -LEADER |
| fixed length control field |
00845nam a2200229Ia 4500 |
| 001 - CONTROL NUMBER |
| control field |
15236 |
| 003 - CONTROL NUMBER IDENTIFIER |
| control field |
GE_BSU |
| 008 - FIXED-LENGTH DATA ELEMENTS--GENERAL INFORMATION |
| fixed length control field |
181216s||||||||xx |||||||||||||| ||und|| |
| 040 ## - CATALOGING SOURCE |
| Transcribing agency |
GE_BSU |
| 080 ## - UNIVERSAL DECIMAL CLASSIFICATION NUMBER |
| Universal Decimal Classification number |
821.353.1-11 |
| 100 ## - MAIN ENTRY--PERSONAL NAME |
| Personal name |
ჩარკვიანი,ჯანსუღ |
| 245 ## - TITLE STATEMENT |
| Title |
რწმენის კედელი |
| 245 ## - TITLE STATEMENT |
| Remainder of title |
ლირიკული პოემები |
| 245 ## - TITLE STATEMENT |
| Statement of responsibility, etc. |
წინას. ავტ.მაკა ჯოხაძე. რედ.ე.ფალიანი. მხატვ. ნ.მალაზონია |
| 260 ## - PUBLICATION, DISTRIBUTION, ETC. |
| Place of publication, distribution, etc. |
თბილისი |
| 260 ## - PUBLICATION, DISTRIBUTION, ETC. |
| Name of publisher, distributor, etc. |
საბჭოთა საქართველო |
| 260 ## - PUBLICATION, DISTRIBUTION, ETC. |
| Date of publication, distribution, etc. |
1983 |
| 300 ## - PHYSICAL DESCRIPTION |
| Extent |
362გვ.19სმ. |
| 653 ## - INDEX TERM--UNCONTROLLED |
| Uncontrolled term |
ლირიკული პოემები |
| 653 ## - INDEX TERM--UNCONTROLLED |
| Uncontrolled term |
რწმენის კედელი |
| 942 ## - ADDED ENTRY ELEMENTS (KOHA) |
| Koha item type |
წიგნი |